| 000 | 00497nam a22001697a 4500 | ||
|---|---|---|---|
| 003 | CUTN | ||
| 005 | 20221212223652.0 | ||
| 008 | 221210b |||||||| |||| 00| 0 eng d | ||
| 041 | _aEnglish | ||
| 082 |
_a510 _bSAS |
||
| 100 | _aSaswati, Sinha (R190203) | ||
| 245 | _aOn the least primitive root of extended Sophie Germain Primes and Legendre primes | ||
| 260 |
_aThiruvarur _bCentral University of Tamil Nadu _cMarch,2022 |
||
| 650 | _aMathematics | ||
| 700 | _aRamesh, V P | ||
| 942 |
_2ddc _cTDP |
||
| 999 |
_c38314 _d38314 |
||